Normal view
MARC view
- Haykin, Simon S.
Entry Personal Name
001 - CONTROL NUMBER
- control field: 97334
003 - CONTROL NUMBER IDENTIFIER
- control field: NUST
005 - DATE AND TIME OF LATEST TRANSACTION
- control field: 20220815184530.0
008 - FIXED-LENGTH DATA ELEMENTS
- fixed length control field: 220815|| aca||aabn | a|a d
040 ## - CATALOGING SOURCE
- Original cataloging agency: NUST
- Transcribing agency: NUST
100 ## - HEADING--PERSONAL NAME
- Personal name: Haykin, Simon S.
670 ## - SOURCE DATA FOUND
- Source citation: Work cat.: (NUST)212447: Haykin, Simon S.,, Modern wireless communications /, c2005.
